Detalles MARC
| 000 -CABECERA |
| campo de control de longitud fija |
01923nam a2200337 i 4500 |
| 001 - NÚMERO DE CONTROL |
| campo de control |
000040661 |
| 003 - IDENTIFICADOR DEL NÚMERO DE CONTROL |
| campo de control |
DO-SdBNP |
| 005 - FECHA Y HORA DE LA ÚLTIMA TRANSACCIÓN |
| campo de control |
20250730102544.0 |
| 007 - CAMPO FIJO DE DESCRIPCIÓN FÍSICA--INFORMACIÓN GENERAL |
| campo de control de longitud fija |
ta |
| 008 - DATOS DE LONGITUD FIJA--INFORMACIÓN GENERAL |
| campo de control de longitud fija |
130905s2002 dr 000 0 spa d |
| 020 ## - NÚMERO INTERNACIONAL ESTÁNDAR DEL LIBRO |
| Número Internacional Estándar del Libro |
9993449016 |
| 040 ## - FUENTE DE LA CATALOGACIÓN |
| Centro catalogador/agencia de origen |
DO-SdBNP |
| Lengua de catalogación |
spa |
| Centro/agencia transcriptor |
DO-SdBNP |
| Normas de descripción |
rda |
| 041 ## - CÓDIGO DE LENGUA |
| Código de lengua del texto/banda sonora o título independiente |
spa |
| 082 #4 - NÚMERO DE LA CLASIFICACIÓN DECIMAL DEWEY |
| Número de clasificación |
RD863.44 |
| Número de documento/Ítem |
P426c 2002 |
| Número de edición |
22 |
| 100 1# - ENTRADA PRINCIPAL--NOMBRE DE PERSONA |
| Nombre de persona |
Peralta Romero, Rafael, |
| Fechas asociadas al nombre |
1948- |
| Término indicativo de función/relación |
autor |
| Código de función/relación |
aut. |
| 9 (RLIN) |
79774 |
| 245 10 - MENCIÓN DE TÍTULO |
| Título |
Cuentos de visiones y delirios / |
| Mención de responsabilidad, etc. |
Rafael Peralta Romero. |
| 250 ## - MENCIÓN DE EDICIÓN |
| Mención de edición |
Segunda edición |
| 264 #4 - PRODUCCIÓN, PUBLICACIÓN, DISTRIBUCIÓN, FABRICACIÓN Y COPYRIGHT |
| Producción, publicación, distribución, fabricación y copyright |
Santo Domingo, República Dominicana : |
| Nombre del de productor, editor, distribuidor, fabricante |
Editorial Gente, |
| Fecha de producción, publicación, distribución, fabricación o copyright |
©2002. |
| 300 ## - DESCRIPCIÓN FÍSICA |
| Extensión |
129 páginas ; |
| Dimensiones |
22 cm. |
| 336 ## - TIPO DE CONTENIDO |
| Término de tipo de contenido |
texto |
| Código de tipo de contenido |
txt |
| Fuente |
rdacontent |
| 337 ## - TIPO DE MEDIO |
| Nombre/término del tipo de medio |
sin mediación |
| Código del tipo de medio |
n |
| Fuente |
rdamedia |
| 338 ## - TIPO DE SOPORTE |
| Nombre/término del tipo de soporte |
volumen |
| Código del tipo de soporte |
nc |
| Fuente |
rdacarrier |
| 500 ## - NOTA GENERAL |
| Nota general |
Incluye datos biográficos del autor en la solapa de la cubierta |
| 505 ## - NOTA DE CONTENIDO CON FORMATO |
| Nota de contenido con formato |
Presentación, Cesar Mella Mejías, 5 -- Segunda fase de la creación, 11 -- Argelia y la alergia, 19 -- Sensación, 27 -- Flores se han de volver, 29 -- Dizque diez peso de agua, 39 -- La Novelera, 45 -- Pescador invisible, 49 -- Ama su vientre como tesoro, 53 -- Historia del hombre tocado por el diablo, 57 -- La Virgen Viva, 63 -- Suicida I, 67 -- Suicida II, 69 -- La causa de su desgracia, 71 -- Primera confesión, 73 -- ¡Perfecto!, 75 -- Historia del hombre que se niega a ser rico,79 -- Cuche/Ñeco, 85 -- La canoa enviada, 91 -- Piñón santo, 95 -- Memorias de la secretaria, 99 -- Los duendes, 109 -- Maravilla, 119 |
| 520 ## - SUMARIO, ETC. |
| Sumario, etc. |
Los cuentos de visiones y delirios constituyen la recreación de las creencias mágico-religiosas de los dominicanos, retratadas dentro de los escenarios cotidianos donde se construye la cultura en base a creencias y tradiciones. |
| 590 ## - NOTA LOCAL (RLIN) |
| Nota local |
Inventariado, 2020/VM |
| 650 #4 - PUNTO DE ACCESO ADICIONAL DE MATERIA--TÉRMINO DE MATERIA |
| Término de materia o nombre geográfico como elemento de entrada |
Cuentos dominicanos |
| 9 (RLIN) |
176 |
| 650 #4 - PUNTO DE ACCESO ADICIONAL DE MATERIA--TÉRMINO DE MATERIA |
| Término de materia o nombre geográfico como elemento de entrada |
Literatura dominicana. |
| 9 (RLIN) |
67 |
| 910 ## - DATOS DE OPCIÓN DEL USUARIO (OCLC) |
| Datos de opción del usuario |
VMateo.Validado. Control de calidad MFF |
| 942 ## - ELEMENTOS DE PUNTO DE ACCESO ADICIONAL (KOHA) |
| Fuente del sistema de clasificación o colocación |
Dewey Decimal Classification |
| Tipo de ítem Koha |
Libro |